000 00297nam a22001337a 4500
008 170228b xxu||||| |||| 00| 0 eng d
020 _a9781435419254
041 _aeng
080 _24TH
_a61
100 _a4
101 _aSHM
245 _aCLINICAL MEDICAL ASSISTING
_cLINDH, W.Q
942 _2udc
_cBK
999 _c6379
_d6379